Famous atheists - Statistics

General Stats
  • This quiz has been taken 59 times
  • The average score is 16 of 26
Answer Stats
Hint Atheist % Correct
E=MC2 Albert Einstein
93%
Microsoft Bill Gates
89%
Invented the lightbulb Thomas Edison
87%
The Beatles member that was killed John Lennon
85%
Facebook Mark Zuckerberg
85%
Evolution Charles Darwin
83%
Harry Potter Daniel Radcliffe
80%
French dictator that fought Russia Napoloen Bonaparte
80%
Invented the phone Alexander Graham Bell
78%
Mrs Smith Angelina Jolie
72%
Mr Smith Brad Pitt
72%
The Science Guy Bill Nye
70%
Mr Bean Rowan Atkinson
70%
Mentor of Jackie Chan Bruce Lee
65%
James Bond and Cowboys vs Aliens Daniel Craig
63%
Batman, Gravity and Ocean's Eleven George Clooney
59%
The God Delusion Richard Dawkins
50%
Former mayor of New York and billionaire Michael Bloomberg
48%
Old Man and the Sea Ernest Hemingway
46%
Scientist that shares the name of a famous boxer Neil deGrasse Tyson
46%
Now you see me, Batman, Bruce Almighty and Going in style Morgan Freeman
39%
Oracle of Omaha Warren Buffett
39%
Call of Cthulhu H. P. Lovecraft
33%
Invented the Big Bang Theory ( not the show ) Stephan Hawking
31%
Google Larry Page
24%
Darth Sidious Ian McDiarmid
11%
No matching quizzes found
Score Distribution
Percent of People with Each Score
Percentile by Number Answered
Your Score History
You have not taken this quiz